000 01184njm a2200313Ia 4500
001 A7964
003 IT-RoPAU
005 20220918181142.0
008 131025s9999 xx 000 0 und d
040 _aIT-RoPAU
040 _cIT-RoPAU
041 _aITALIANO
999 _c101347
_d101347
999 _bn.d.
100 _aCento Giosy
_91580
100 _eAutore musica
_928354
100 _gCodice autore musica SPICS: 10822
_91582
245 _aOgni terra è la mia terra
250 _a1a ed.
260 _aROMA
260 _bPP.OO.MM. OPERA PROP. DELLA FEDE
_c1992 [1a Ed.:1992 - Ed. Lingua Orig.: 1992]
300 _aMUSICASSETTA
300 _c36 minuti (Testo: 0 pag.)
500 _aMusica religiosa. Canzoni per la missione.
505 _aLa rete - Chiesa missionaria - Ogni terra è la mia terra - Dove andrai tu - Andate ditelo a tutti - La messe è molta - Tu regni Signore - Ho sete - Vento di Pentecoste - Dolce madre
650 _aRELIGIOSO [CASSETTE]
_eCodice MATERIA SPICS: 9951
_9785
700 _aCento Giosy
_eAutore testo e musica
_gCodice autore testo/musica SPICS: 10822
_928355
700 _aCento Giosy
_gCodice interprete SPICS: 10822
_eInterprete
_928356
942 _cMC
_2ddc